Bytový dom

Na minha lista:
Detalhes bibliográficos
Autor principal: Kostelanský, Boris (Author)
Outros Autores: Jamnický, Martin (Thesis advisor)
Formato: Manuscrito Livro
Idioma:eslovaco
Publicado em: 2022
Assuntos:
Acesso em linha:http://is.stuba.sk/zp/portal_zp.pl?podrobnosti=150082
https://opac.crzp.sk/?fn=detailBiblioForm&sid=EC9507141B5FF6F04505C4C822A1
Tags: Adicionar Tag
Sem tags, seja o primeiro a adicionar uma tag!

MARC

LEADER 00000ntm a22000003a 4500
001 stuzp90192
003 SK-STU
005 20230505125030.4
007 ta
008 150427s2015----xo-----f-mn---000-0-slo-d
040 |a STU  |b slo 
041 0 |a slo 
100 1 |a Kostelanský, Boris  |u 010180  |4 aut  |U SvF Stavebná fakulta  |T SvF Katedra konštrukcií pozemných stavieb  |X 98430  |U V180  |Y 18  |7 98430 
242 0 1 |a Residential house  |y eng 
245 1 0 |a Bytový dom 
260 |c 2022 
650 4 |a dom  |2 slo 
650 4 |a bytový  |2 slo 
650 4 |a polyfunkčný  |2 slo 
650 4 |a residential  |2 eng 
650 4 |a realization  |2 eng 
650 4 |a house  |2 eng 
700 1 |a Jamnický, Martin  |u 010180  |k Z1  |4 ths  |U SvF Stavebná fakulta  |T SvF Katedra konštrukcií pozemných stavieb  |X 4052  |U V180  |Y 18  |7 A000004052 
856 4 |u http://is.stuba.sk/zp/portal_zp.pl?podrobnosti=150082 
856 4 |u https://opac.crzp.sk/?fn=detailBiblioForm&sid=EC9507141B5FF6F04505C4C822A1